| 000 | 006140000a22001930004500 | ||
|---|---|---|---|
| 001 | 768714001 | ||
| 003 | CO-MdFUSB | ||
| 005 | 20170616122657.0 | ||
| 008 | 170616s1987 ag ||||| |||| 00| 0 spa d | ||
| 022 | _a0122-2996 | ||
| 040 |
_aCO-MdFUSB _bspa _cCO-MdFUSB _dCO-MdFUSB |
||
| 041 | _aspa | ||
| 100 | 1 |
_aArana Quiroz, Pedro _eautor |
|
| 245 | 1 | 0 | _aDe la ingeniería al ministerio pastoral |
| 300 |
_aVolumen 19. Número 25 (1986), Páginas 35-45 _c22 cm. |
||
| 546 | _aTexto en español | ||
| 773 | 0 |
_tBoletín Teológico _049507 _961476 _gVolumen 19. Número 25 (1986), Páginas 35-45 _qPágina 35 |
|
| 942 | _cANA | ||
| 999 |
_c59648 _d59648 |
||